<?xml version="1.0" encoding="UTF-8"?>
<record
    xmlns:xsi="http://www.w3.org/2001/XMLSchema-instance"
    xsi:schemaLocation="http://www.loc.gov/MARC21/slim http://www.loc.gov/standards/marcxml/schema/MARC21slim.xsd"
    xmlns="http://www.loc.gov/MARC21/slim">

  <leader>01570nam2a2200289   4500</leader>
  <controlfield tag="001">RU\NLR\bibl\1402848</controlfield>
  <controlfield tag="005">20250615204725.0</controlfield>
  <datafield tag="010" ind1=" " ind2=" ">
    <subfield code="a">978-5-9573-1447-9</subfield>
    <subfield code="9">3000</subfield>
  </datafield>
  <datafield tag="021" ind1=" " ind2=" ">
    <subfield code="a">RU</subfield>
    <subfield code="b">2009-47114</subfield>
    <subfield code="9">2876</subfield>
  </datafield>
  <datafield tag="035" ind1=" " ind2=" ">
    <subfield code="a">(NLR Aleph) 001394848</subfield>
  </datafield>
  <datafield tag="090" ind1=" " ind2=" ">
    <subfield code="a">1185367</subfield>
    <subfield code="c">1185367</subfield>
  </datafield>
  <datafield tag="100" ind1=" " ind2=" ">
    <subfield code="a">20090819d2009    |||y0rusy50      ca</subfield>
  </datafield>
  <datafield tag="101" ind1="1" ind2=" ">
    <subfield code="a">rus</subfield>
    <subfield code="c">ger</subfield>
  </datafield>
  <datafield tag="102" ind1=" " ind2=" ">
    <subfield code="a">RU</subfield>
  </datafield>
  <datafield tag="105" ind1=" " ind2=" ">
    <subfield code="a">ac  |||||||||</subfield>
  </datafield>
  <datafield tag="200" ind1="1" ind2=" ">
    <subfield code="a">&#x41F;&#x440;&#x43E;&#x433;&#x43D;&#x43E;&#x437;&#x44B;, &#x442;&#x440;&#x430;&#x43D;&#x437;&#x438;&#x442;&#x44B;</subfield>
    <subfield code="f">[&#x43F;&#x435;&#x440;. &#x441; &#x43D;&#x435;&#x43C;. &#x41D;.&#x412;. &#x420;&#x43E;&#x43C;&#x430;&#x43D;&#x43E;&#x432;&#x43E;&#x439;]</subfield>
  </datafield>
  <datafield tag="210" ind1=" " ind2=" ">
    <subfield code="d">2009</subfield>
    <subfield code="a">&#x411;. &#x43C;.</subfield>
  </datafield>
  <datafield tag="215" ind1=" " ind2=" ">
    <subfield code="a">197, [1] &#x441;.</subfield>
    <subfield code="c">&#x438;&#x43B;., &#x43F;&#x43E;&#x440;&#x442;&#x440;.</subfield>
    <subfield code="e">1 &#x44D;&#x43B;&#x435;&#x43A;&#x442;&#x440;&#x43E;&#x43D;. &#x43E;&#x43F;&#x442;. &#x434;&#x438;&#x441;&#x43A; (CD-ROM)</subfield>
  </datafield>
  <datafield tag="300" ind1=" " ind2=" ">
    <subfield code="a">&#x412; &#x43C;&#x430;&#x43A;&#x435;&#x442;&#x435; &#x437;&#x430;&#x433;&#x43B;. &#x441;&#x435;&#x440;.: &#x410;&#x441;&#x442;&#x440;&#x43E;&#x43B;&#x43E;&#x433;&#x438;&#x44F;. &#x418;&#x43D;&#x43E;&#x435; &#x437;&#x43D;&#x430;&#x43D;&#x438;&#x435;</subfield>
  </datafield>
  <datafield tag="327" ind1="1" ind2=" ">
    <subfield code="a">&#x421;&#x43E;&#x434;&#x435;&#x440;&#x436;. CD-ROM&#x430;: &#x410;&#x441;&#x442;&#x440;&#x43E;&#x421;&#x438;&#x441;&#x442;&#x435;&#x43C;&#x430; : &#x43F;&#x440;&#x43E;&#x433;&#x440;&#x430;&#x43C;&#x43C;&#x430; &#x43F;&#x43E; &#x441;&#x43E;&#x441;&#x442;&#x430;&#x432;&#x43B;&#x435;&#x43D;&#x438;&#x44E; &#x430;&#x441;&#x442;&#x440;&#x43E;&#x43B;&#x43E;&#x433;&#x438;&#x447;&#x435;&#x441;&#x43A;&#x438;&#x445; &#x43A;&#x430;&#x440;&#x442; &#x440;&#x43E;&#x436;&#x434;&#x435;&#x43D;&#x438;&#x44F; / &#x412;&#x430;&#x440;&#x432;&#x430;&#x440;&#x430; &#x41F;&#x440;&#x430;&#x439;&#x441;</subfield>
  </datafield>
  <datafield tag="461" ind1=" " ind2="0">
    <subfield code="1">001RU\NLR\bibl\1405492</subfield>
    <subfield code="1">2001#$a&#x41A;&#x440;&#x435;&#x430;&#x442;&#x438;&#x432;&#x43D;&#x430;&#x44F; &#x430;&#x441;&#x442;&#x440;&#x43E;&#x43B;&#x43E;&#x433;&#x438;&#x44F;$v&#x41A;&#x43D;. 2</subfield>
    <subfield code="9">1201345</subfield>
    <subfield code="a">&#x419;&#x435;&#x43B;&#x435;, &#x41C;. (1958-)</subfield>
    <subfield code="c">&#x421;&#x430;&#x43D;&#x43A;&#x442;-&#x41F;&#x435;&#x442;&#x435;&#x440;&#x431;&#x443;&#x440;&#x433;</subfield>
    <subfield code="d">2009</subfield>
    <subfield code="f">&#x41C;&#x430;&#x440;&#x43A;&#x443;&#x441; &#x419;&#x435;&#x43B;&#x435;</subfield>
    <subfield code="l">Kreative Astrologie</subfield>
    <subfield code="n">&#x412;&#x435;&#x441;&#x44C;</subfield>
    <subfield code="o">[&#x442;&#x440;&#x438;&#x43B;&#x43E;&#x433;&#x438;&#x44F;]</subfield>
    <subfield code="t">&#x41A;&#x440;&#x435;&#x430;&#x442;&#x438;&#x432;&#x43D;&#x430;&#x44F; &#x430;&#x441;&#x442;&#x440;&#x43E;&#x43B;&#x43E;&#x433;&#x438;&#x44F;</subfield>
    <subfield code="v">&#x41A;&#x43D;. 2</subfield>
  </datafield>
  <datafield tag="464" ind1=" " ind2="0">
    <subfield code="1">2001#$a&#x410;&#x441;&#x442;&#x440;&#x43E;&#x421;&#x438;&#x441;&#x442;&#x435;&#x43C;&#x430;$e&#x43F;&#x440;&#x43E;&#x433;&#x440;&#x430;&#x43C;&#x43C;&#x430; &#x43F;&#x43E; &#x441;&#x43E;&#x441;&#x442;&#x430;&#x432;&#x43B;&#x435;&#x43D;&#x438;&#x44E; &#x430;&#x441;&#x442;&#x440;&#x43E;&#x43B;&#x43E;&#x433;&#x438;&#x447;&#x435;&#x441;&#x43A;&#x438;&#x445; &#x43A;&#x430;&#x440;&#x442; &#x440;&#x43E;&#x436;&#x434;&#x435;&#x43D;&#x438;&#x44F;</subfield>
    <subfield code="1">700#1$a&#x41F;&#x440;&#x430;&#x439;&#x441;$b&#x412;.$g&#x412;&#x430;&#x440;&#x432;&#x430;&#x440;&#x430;$4070</subfield>
    <subfield code="t">&#x410;&#x441;&#x442;&#x440;&#x43E;&#x421;&#x438;&#x441;&#x442;&#x435;&#x43C;&#x430;</subfield>
    <subfield code="a">&#x41F;&#x440;&#x430;&#x439;&#x441;, &#x412;&#x430;&#x440;&#x432;&#x430;&#x440;&#x430;</subfield>
  </datafield>
  <datafield tag="801" ind1=" " ind2="0">
    <subfield code="a">RU</subfield>
    <subfield code="b">NLR</subfield>
    <subfield code="c">20090819</subfield>
    <subfield code="g">RCR</subfield>
  </datafield>
  <datafield tag="801" ind1=" " ind2="1">
    <subfield code="a">RU</subfield>
    <subfield code="b">NLR</subfield>
    <subfield code="c">20090819</subfield>
  </datafield>
  <datafield tag="942" ind1=" " ind2=" ">
    <subfield code="c">BOOK</subfield>
  </datafield>
  <datafield tag="980" ind1=" " ind2=" ">
    <subfield code="a">NB</subfield>
  </datafield>
  <datafield tag="995" ind1=" " ind2=" ">
    <subfield code="5">2009-08-19</subfield>
    <subfield code="a">ad</subfield>
    <subfield code="b">NLR01</subfield>
    <subfield code="c">NLR01</subfield>
    <subfield code="e">RF9</subfield>
    <subfield code="f">2977568</subfield>
    <subfield code="k">2009-5/4927</subfield>
    <subfield code="o">0</subfield>
    <subfield code="r">BOOK</subfield>
    <subfield code="s">200954927_</subfield>
  </datafield>
  <datafield tag="995" ind1=" " ind2=" ">
    <subfield code="5">2009-08-19</subfield>
    <subfield code="a">ad</subfield>
    <subfield code="b">NLR01</subfield>
    <subfield code="c">NLR01</subfield>
    <subfield code="e">RF9</subfield>
    <subfield code="f">2977569</subfield>
    <subfield code="k">2009-5/4927</subfield>
    <subfield code="o">0</subfield>
    <subfield code="r">BOOK</subfield>
    <subfield code="s">200954927_</subfield>
  </datafield>
</record>
